New Visions (Record no. 9828)
[ view plain ]
| 000 -LEADER | |
|---|---|
| fixed length control field | 00683nam a2200241 a 4500 |
| 020 ## - INTERNATIONAL STANDARD BOOK NUMBER | |
| ISBN | 0824564 |
| 082 00 - DEWEY DECIMAL CLASSIFICATION NUMBER | |
| Classification number | 291.172 |
| Author Cutter | MCI |
| 100 ## - MAIN ENTRY--AUTHOR NAME | |
| Author name | Mcinnes, Val Ambrose |
| 245 ## - TITLE STATEMENT | |
| Title | New Visions |
| Sub title | Hostorical and Theological Perspectives on the Jewish-Christia |
| 260 ## - PUBLICATION, DISTRIBUTION, ETC. (IMPRINT) | |
| Place of publication | New York |
| Name of publisher | Cross Road Publishing Co. |
| Year of publication | 1993 |
| 300 ## - PHYSICAL DESCRIPTION | |
| Number of Pages | 165p. |
| 500 ## - GENERAL NOTE | |
| General note | includes index and biblioraphy |
| 505 2# - FORMATTED CONTENTS NOTE | |
| Formatted contents note | Index, Notes |
| 650 ## - SUBJECT ADDED ENTRY--TOPICAL TERM | |
| Topical Term | Interfaith Dialogue-Christian Jews |
| 942 ## - ADDED ENTRY ELEMENTS (KOHA) | |
| Koha item type | Books |
| 700 1# - | |
| -- | Mcinnes, Val Ambrose |
| Collection code | Home library | Current library | Date acquired | Cost, normal purchase price | Full call number | Accession Number | Koha item type |
|---|---|---|---|---|---|---|---|
| Henry Martyn Institute Library | Henry Martyn Institute Library | 07/17/2007 | 7.30 | 291.172 MCI | 018949 | Books |
